000 00428nam a2200157Ia 4500
008 221030s9999 xx 000 0 und d
041 _aEnglish
082 _a105.23
_bRad
100 _aP. Radhakrishnan
245 0 _aComputer Graphics & Design
_cby P. Radhakrishnan, C. P. Kothandaraman
260 _bDhanpat Rai Pub
_aNew Delhi
_c1998
300 _a336
650 _aBE Computer
700 _aC. P. Kothandaraman
942 _cBK
999 _c2257
_d2257